Взрывозащищённый комплекс ДЕКОНТ-Ex; Промышленные АСУ и контроллеры; № 9

Bibliografski detalji
Parent link:Промышленные АСУ и контроллеры: ежемесячный научно-технический производственный журнал.— , 2002-
№ 9.— 2003.— С. 46-49
Glavni autor: Уваров А. В.
Jezik:ruski
Izdano: 2003
Serija:Технические средства АСУТП
Teme:
Format: Poglavlje knjige
KOHA link:https://koha.lib.tpu.ru/cgi-bin/koha/opac-detail.pl?biblionumber=390103

MARC

LEADER 00000naa2a2200000 4500
001 390103
005 20231101063934.0
035 |a (RuTPU)RU\TPU\prd\22837 
090 |a 390103 
100 |a 20040217a2003 k y0rusy50 ca 
101 0 |a rus 
102 |a RU 
200 1 |a Взрывозащищённый комплекс ДЕКОНТ-Ex  |f А. В. Уваров 
225 1 |a Технические средства АСУТП 
461 1 |0 (RuTPU)RU\TPU\prd\2287  |t Промышленные АСУ и контроллеры  |o ежемесячный научно-технический производственный журнал  |d 2002- 
463 1 |0 (RuTPU)RU\TPU\prd\21256  |t № 9  |v С. 46-49  |d 2003 
610 1 |a взрывозащитные комплексы 
610 1 |a диспетчерские системы 
610 1 |a системы диспетчеризации 
610 1 |a локальная автоматика 
610 1 |a шахты 
700 1 |a Уваров  |b А. В. 
801 1 |a RU  |b 63413507  |c 20040217  |g PSBO 
942 |c BK